Tribhuvan University Central Library

The origins of life; from the birth of life to the origins of language. (Record no. 67629)

MARC details
000 -LEADER
fixed length control field 00508 a2200157 4500
020 ## - INTERNATIONAL STANDARD BOOK NUMBER
International Standard Book Number 0-19-0286209-X
082 ## - DEWEY DECIMAL CLASSIFICATION NUMBER
Classification number 576.8
Item number Sm61o
100 ## - MAIN ENTRY--PERSONAL NAME
Personal name Smith, John Maynard
-- Szathmary, Eors
245 ## - TITLE STATEMENT
Title The origins of life; from the birth of life to the origins of language.
260 ## - PUBLICATION, DISTRIBUTION, ETC.
Place of publication, distribution, etc. Oxford:
Name of publisher, distributor, etc. Oxford University Press,
Date of publication, distribution, etc. 1999
300 ## - PHYSICAL DESCRIPTION
Extent 180p.
Other physical details illus.
504 ## - BIBLIOGRAPHY, ETC. NOTE
Bibliography, etc. note Bibliography: p. 171
650 ## - SUBJECT ADDED ENTRY--TOPICAL TERM
Topical term or geographic name entry element Biology
-- Heredity
-- Genetics
-- Genetic transformation
653 ## - INDEX TERM--UNCONTROLLED
Uncontrolled term Evolution (Biology)
942 ## - ADDED ENTRY ELEMENTS (KOHA)
Source of classification or shelving scheme Dewey Decimal Classification
Koha item type General Collections
Holdings
Withdrawn status Lost status Source of classification or shelving scheme Damaged status Not for loan Home library Current library Shelving location Date acquired Total Checkouts Full call number Barcode Date last seen Date last checked out Price effective from Koha item type
    Dewey Decimal Classification     Tribhuvan University Central Library Tribhuvan University Central Library New Building 08/20/2013 1 576.8 Sm61o G73847 07/17/2018 05/09/2018 08/20/2013 General Collections